| 000 | 00375cam a2200145ua 4500 | ||
|---|---|---|---|
| 041 |
_aeng _h |
||
| 082 |
_a822 _bSHA/TR |
||
| 100 | _aShakespeare, William. | ||
| 245 |
_aTragedies of Shakespeare / _cWilliam Shakespeare. _hTextual Documents |
||
| 260 |
_aLondon : _bOxford University Press , _c1962. |
||
| 300 | _a1315 ; . | ||
| 504 | _a | ||
| 942 | _cBK | ||
| 999 |
_c7912 _d7912 |
||